00866nab a22001817a 4500003000400000005001700004008004100021040000700062100001900069245016700088260007300255300001300328500004400341505009000385650005200475650001700527773014000544OSt20250310095142.0190604e xxu||||| |||| 00| 0 spa d cPJ aYuba, Gabriela10aPrograma de Promoción de Derechos de Niñas, Niños y Adolescentes. Comentario a la resolución 1100/CDNNYA/24 de la Ciudad de Buenos Aires /cGabriela Yuba. aCiudad Autónoma de Buenos Aires :bThomson Reuters La Ley, c2025. ap. 68-70 aCita Online: TR LALEY AR/DOC/2990/2024. t¿Te interesa el texto completo? Solicitalo al correo: koha@justierradelfuego.gov.ar  0aDERECHOS DE LAS NIÑAS, NIÑOS Y ADOLESCENTES 0aADOLESCENTES0 02714dCiudad Autónoma de Buenos Aires : Thomson Reuters La Ley, 2014-tRevista anales de legislación argentina. Nº 3 - Marzo 2025.